| 000 | 01218nam0a22002771 4500 | ||
|---|---|---|---|
| 001 | rc\217971 | ||
| 005 | 20030307115432.7 | ||
| 010 |
_a5-12-002150-6 _9720 |
||
| 035 | _a(NLR Aleph) 005466803 | ||
| 090 |
_a5008208 _c5008208 |
||
| 100 | _a20030307d1991 u |0rusy50 ca | ||
| 101 | 0 | _arus | |
| 102 | _aRU | ||
| 105 | _ay ||||||||| | ||
| 200 | 1 |
_aМеждународная экономическая безопасность: внешнеторговый, валютно-финансовый и энергетический аспекты _fЛ.Л. Кистерский, И.Г. Гайдучок, Ю.В. Полунеев _gАН Украины. Ин-т социал. и экон. пробл. зарубеж. стран |
|
| 210 |
_aКиев _cНаукова думка _d1991 |
||
| 215 |
_a182, [2] с. _d21 |
||
| 320 | _aБиблиогр. в примеч.: с. 178-183 | ||
| 700 | 1 |
_aКистерский _bЛ. Л. _gЛеонид Леонидович |
|
| 701 | 1 |
_aГайдучок _bИ. Г. _gИгорь Григорьевич |
|
| 701 | 1 |
_aПолунеев _bЮ. В. _gЮрий Владимирович |
|
| 801 | 0 |
_aRU _bNLR _gpsbo |
|
| 801 | 1 |
_aRU _bELAR _2rusmarc |
|
| 852 |
_aNLR _j91-3/11116 |
||
| 942 | _cBOOK | ||
| 980 | _aNB | ||